000 00281nam a2200097Ia 4500
008 220216s9999 xx 000 0 und d
245 0 _aRRIM 700 series clones trials (Second and third selections) : Eighth report
260 _bPlanters Bulletin
_c1975
300 _a66-73
942 _cJS
999 _c67332
_d67332